000 00313nam a22001097a 4500
008 160624b xxu||||| |||| 00| 0 eng d
100 _91010
_aJagannathan, V, R,
245 _aIndian Journal Of Applied Linggustics
260 _aN.D
_b Bahri
_c1976
300 _aIndian Journal Of Applied Linggustics
942 _2ddc
_cBK
999 _c808
_d808